| 000 | 00338nam a22001337a 4500 | ||
|---|---|---|---|
| 082 |
_a894-812-3 _bSEB/T |
||
| 100 | _aPAUL SEBASTIAN - VARGHESE PAUL | ||
| 245 |
_a1001 KUSRUTHIKAL _bKUSRUTHIKAL |
||
| 246 |
_a1001 KUSRUTHIKAL _bKUSRUTHIKAL |
||
| 260 |
_aCHALAKUDY _bAKSHAYA PUBLICATIONS _c1992 |
||
| 300 | _a96 | ||
| 520 | _aFUN | ||
| 942 | _cBK | ||
| 999 |
_c1008 _d1008 |
||